书目信息 |
| 题名: |
汉字故事101夜
|
|
| 作者: | 刘永成, 著 | |
| 分册: | ||
| 出版信息: | 北京 中国文史出版社 2015 |
|
| 页数: | 224页 | |
| 开本: | 24cm | |
| 丛书名: | ||
| 单 册: | ||
| 中图分类: | H12-49 | |
| 科图分类: | ||
| 主题词: | 汉字--Han Zi--通俗读物 , 通俗读物--Tong Su Du Wu | |
| 电子资源: | ||
| ISBN: | 978-7-5034-5958-0 | |
| 000 | 00981nam0 22002531 450 | |
| 001 | 0101082437 | |
| 005 | 20161202084916.09 | |
| 010 | @a978-7-5034-5958-0@dCNY45.00 | |
| 100 | @a20150526d2015 em y0chiy50 ea | |
| 101 | 0 | @achi |
| 102 | @aCN@b110000 | |
| 105 | @aa a 000yy | |
| 106 | @ar | |
| 200 | 1 | @a汉字故事101夜@AHan Zi Gu Shi 101Ye@f刘永成著 |
| 210 | @a北京@c中国文史出版社@d2015 | |
| 215 | @a224页@c图@d24cm | |
| 320 | @a有书目 (第224页) | |
| 330 | @a本书是一部关于汉字源流与传统文化的著作, 它将近千个汉字的讲解贯穿于历史故事及“文化线索”之中, 以传统文化为线, 串连起汉字字形及字义的演变, 力求将知识性与却为性融为一体, 将学术性文字解析与文化性的故事讲述结合起来。兼有研究和普及两个方面的特点, 是以通俗化的方式进行“说文解字”的一种尝试。 | |
| 606 | 0 | @a汉字@AHan Zi@j通俗读物 |
| 606 | 0 | @a通俗读物@ATong Su Du Wu |
| 690 | @aH12-49@v5 | |
| 701 | 0 | @a刘永成,@ALiu Yong Cheng ,@f1962-@4著 |
| 801 | 0 | @aCN@bTANGWEI@c20161128 |
| 905 | @b0951400-4@dH12-49@e172@f5 | |
| 汉字故事101夜/刘永成著.-北京:中国文史出版社,2015 |
| 224页:图;24cm |
| ISBN 978-7-5034-5958-0:CNY45.00 |
| 本书是一部关于汉字源流与传统文化的著作, 它将近千个汉字的讲解贯穿于历史故事及“文化线索”之中, 以传统文化为线, 串连起汉字字形及字义的演变, 力求将知识性与却为性融为一体, 将学术性文字解析与文化性的故事讲述结合起来。兼有研究和普及两个方面的特点, 是以通俗化的方式进行“说文解字”的一种尝试。 |
| ● |
| 相关链接 |
|
|
|
|
正题名:汉字故事101夜
索取号:H12-49/172
 
预约/预借
| 序号 | 登录号 | 条形码 | 馆藏地/架位号 | 状态 | 备注 |
| 1 | 0951400 | 209514006 | 第二样本阅览室/ [索取号:H12-49/172] | 在馆 | |
| 2 | 0951401 | 209514015 | 中文系资料室/ [索取号:H12-49/172] | 在馆 | |
| 3 | 0951402 | 209514024 | 第四借阅区/ [索取号:H12-49/172] | 在馆 | |
| 4 | 0951403 | 209514033 | 第四借阅区/ [索取号:H12-49/172] | 在馆 | |
| 5 | 0951404 | 209514042 | 第四借阅区/ [索取号:H12-49/172] | 在馆 |